College Quizbowl Stats
College Quizbowl Stats
Circuits
Seasons
Sets
Records
Detailed Stats
About
Loading...
2023 ARCADIA at Duke
Tossups
Bonuses
Players
Teams
Categories (Tossup)
Categories (Bonus)
Koji Bilbao
Duke A
Categories
Category
Powers
Gets
Negs
BBs
Points
Earliest Buzz
Avg. Buzz
First Buzzes
Top 3 Buzzes
BPA
PVF
Philosophy
1
3
0
0
45
20
89.25
2
4
4.96
7.58
Geography
0
1
0
0
10
78
78.00
0
0
0.00
0.00
Other Academic
0
1
0
1
10
122
122.00
0
0
0.00
0.00
Science - Biology
0
0
1
0
-5
0.00
0
0
0.00
0.00
Buzzes
Category
Answer
Value
Buzz Position
Philosophy
German
15
20
Geography
sandstorms
10
78
Science - Biology
opsins
-5
89
Philosophy
Stoicism
10
90
Philosophy
William of Ockham
10
106
Other Academic
steakhouses
10
122
Philosophy
beliefs
10
141
Previous
1
Next